<?xml version="1.0" encoding="UTF-8"?>
<record
    xmlns:xsi="http://www.w3.org/2001/XMLSchema-instance"
    xsi:schemaLocation="http://www.loc.gov/MARC21/slim http://www.loc.gov/standards/marcxml/schema/MARC21slim.xsd"
    xmlns="http://www.loc.gov/MARC21/slim">

  <leader>00942nam a2200241 a 4500</leader>
  <controlfield tag="001">55994</controlfield>
  <controlfield tag="003">BD-RjUL</controlfield>
  <controlfield tag="005">20211209080336.0</controlfield>
  <controlfield tag="008">161124r19591962bg ||||| |||| 00| 0 ben d</controlfield>
  <datafield tag="020" ind1=" " ind2=" ">
    <subfield code="c">: TK 3.00</subfield>
  </datafield>
  <datafield tag="035" ind1=" " ind2=" ">
    <subfield code="a">(BD-RjUL)56118</subfield>
  </datafield>
  <datafield tag="040" ind1=" " ind2=" ">
    <subfield code="a">BD-RjUL</subfield>
    <subfield code="b">ben </subfield>
    <subfield code="c">BD-RjUL</subfield>
  </datafield>
  <datafield tag="041" ind1=" " ind2=" ">
    <subfield code="a">ben </subfield>
  </datafield>
  <datafield tag="082" ind1=" " ind2=" ">
    <subfield code="2">23 </subfield>
    <subfield code="a">915.38 </subfield>
    <subfield code="b">MOK 1962 </subfield>
  </datafield>
  <datafield tag="100" ind1=" " ind2=" ">
    <subfield code="a">&#x9AE;&#x9CB;&#x9A4;&#x9BE;&#x9A6;&#x9BE;&#x987;&#x9AF;&#x9BC;&#x9C7;&#x9A8;, &#x9AE;&#x9C1;&#x9B9;&#x9AE;&#x9CD;&#x9AE;&#x9A6; </subfield>
    <subfield code="9">166683</subfield>
  </datafield>
  <datafield tag="245" ind1="1" ind2="0">
    <subfield code="a">&#x995;&#x9BE;&#x9AC;&#x9BE; &#x998;&#x9C1;&#x9B0;&#x9C7; &#x98F;&#x9B2;&#x9BE;&#x9AE; / </subfield>
    <subfield code="c">&#x9AE;&#x9C1;&#x9B9;&#x9AE;&#x9CD;&#x9AE;&#x9A6; &#x9AE;&#x9CB;&#x9A4;&#x9BE;&#x9A6;&#x9BE;&#x987;&#x9AF;&#x9BC;&#x9C7;&#x9A8; </subfield>
  </datafield>
  <datafield tag="250" ind1=" " ind2=" ">
    <subfield code="a">&#x9AA;&#x9B0;&#x9BF;. &#x993; &#x9AA;&#x9B0;&#x9BF;&#x9AE;&#x9BE;&#x9B0;&#x9CD;&#x99C;&#x9BF;&#x9A4; &#x9B8;&#x982; . </subfield>
  </datafield>
  <datafield tag="260" ind1=" " ind2=" ">
    <subfield code="a">&#x9A2;&#x9BE;&#x995;&#x9BE; :</subfield>
    <subfield code="b">&#x9AE;&#x9C1;&#x9B9;&#x9AE;&#x9CD;&#x9AE;&#x9A6; &#x9AE;&#x9CB;&#x9A4;&#x9BE;&#x9A6;&#x9BE;&#x987;&#x9AF;&#x9BC;&#x9C7;&#x9A8;, </subfield>
    <subfield code="c">&#x9E7;&#x9EF;&#x9EC;&#x9E8; </subfield>
  </datafield>
  <datafield tag="300" ind1=" " ind2=" ">
    <subfield code="a">[&#x9E7;&#x9E8;], &#x9E8;&#x9E7;&#x9E8; &#x9AA;&#x9C3;. ; </subfield>
    <subfield code="c">&#x9E7;&#x9ED; &#x9B8;&#x9C7;&#x9AE;&#x9BF; . </subfield>
  </datafield>
  <datafield tag="650" ind1=" " ind2=" ">
    <subfield code="a">&#x98F;&#x9B6;&#x9BF;&#x9AF;&#x9BC;&#x9BE; &#x9AD;&#x9CD;&#x9B0;&#x9AE;&#x9A3; </subfield>
    <subfield code="9">165234</subfield>
    <subfield code="z">&#x9B8;&#x9CC;&#x9A6;&#x9BF; &#x986;&#x9B0;&#x9AC; </subfield>
  </datafield>
  <datafield tag="650" ind1=" " ind2=" ">
    <subfield code="a">Travel In Asia </subfield>
    <subfield code="9">165235</subfield>
    <subfield code="z">Saudi Arabia </subfield>
  </datafield>
  <datafield tag="942" ind1=" " ind2=" ">
    <subfield code="2">ddc</subfield>
    <subfield code="c">BK</subfield>
  </datafield>
  <datafield tag="999" ind1=" " ind2=" ">
    <subfield code="c">55994</subfield>
    <subfield code="d">55994</subfield>
  </datafield>
  <datafield tag="952" ind1=" " ind2=" ">
    <subfield code="0">0</subfield>
    <subfield code="1">0</subfield>
    <subfield code="2">ddc</subfield>
    <subfield code="4">0</subfield>
    <subfield code="7">0</subfield>
    <subfield code="8">NFIC</subfield>
    <subfield code="a">RUCL</subfield>
    <subfield code="b">RUCL</subfield>
    <subfield code="c">Stack</subfield>
    <subfield code="d">1968-07-05</subfield>
    <subfield code="e">Nawroge kitabstan, Dhaka</subfield>
    <subfield code="g">3.00</subfield>
    <subfield code="l">0</subfield>
    <subfield code="o">B 915.38  MOK 1962</subfield>
    <subfield code="r">2016-11-24 00:00:00</subfield>
    <subfield code="t">C-2</subfield>
    <subfield code="w">2021-12-09</subfield>
    <subfield code="y">BK</subfield>
  </datafield>
</record>
